[Event "C.to Italiano Semifinale"]
[Site "Saint Vincent - Chatillon ITA"]
[Date "2008.07.22"]
[Round "3"]
[White "Mogranzini, Roberto"]
[Black "Sbarra, Marco"]
[Result "1-0"]
[WhiteElo "2423"]
[BlackElo "2236"]
[PlyCount "83"]
[EventDate "2008.07.19"]

1. e4 e5 2. Nf3 Nc6 3. Bb5 a6 4. Bxc6 dxc6 5. O-O Ne7 6. Nxe5 Qd4 7. Qh5 g6 8.
Qg5 Bg7 9. Nf3 Qxe4 10. Re1 Qb4 11. a3 Qd6 12. Nc3 h6 13. Qe3 Bf5 14. d3 Kf8
15. Ne4 Nd5 16. Qd2 Qd8 17. Ng3 Be6 18. Ne5 Qd6 19. d4 Nf6 20. c3 Kg8 21. Qc2
Re8 22. Bf4 Nd5 23. Ne4 Qd8 24. Bg3 Kh7 25. Nc5 Qc8 26. Nxe6 Qxe6 27. h4 Nf6
28. Nf3 Qd5 29. Bxc7 Ng4 30. Bg3 b5 31. Rxe8 Rxe8 32. Re1 Rxe1+ 33. Nxe1 c5 34.
dxc5 Qxc5 35. Nd3 Qf5 36. Qe2 h5 37. f3 Nf6 38. Be5 Qd7 39. Bxf6 Bxf6 40. g3
Qc7 41. Kg2 a5 42. Nf2 1-0

[Event "C.to Italiano Semifinale"]
[Site "Saint Vincent - Chatillon ITA"]
[Date "2008.07.22"]
[Round "3"]
[White "Paglietti, Nicola"]
[Black "Puzzoni, Christian"]
[Result "1-0"]
[WhiteElo "2273"]
[BlackElo "2128"]
[PlyCount "135"]
[EventDate "2008.07.19"]

1. e4 e5 2. Nf3 Nc6 3. Bc4 Nf6 4. d3 h6 5. O-O Bc5 6. c3 d6 7. b4 Bb6 8. a4 a5
9. h3 Bd7 10. Qb3 Qe7 11. Be3 g5 12. Nh2 g4 13. Bxb6 cxb6 14. hxg4 Nxg4 15.
Nxg4 Bxg4 16. f4 axb4 17. Ra2 bxc3 18. Nxc3 O-O 19. Qxb6 Nd4 20. Raf2 Bh5 21.
fxe5 Qxe5 22. Qxb7 Kh8 23. Qd5 Rfc8 24. Qxe5+ dxe5 25. Rb2 Ra7 26. Kh2 Rg8 27.
Rb6 Rg5 28. Rxh6+ Kg7 29. Rhf6 Rb7 30. R6f2 Rb8 31. a5 Bg6 32. a6 Rh8+ 33. Kg1
Rgh5 34. Rxf7+ Bxf7 35. Rxf7+ Kg6 36. a7 Rh1+ 37. Kf2 Rc1 38. Rb7 Rf8+ 39. Kg3
Rxc3 40. Rb8 Ne2+ 41. Kh3 Ra3 42. Rxf8 Rxa7 43. Rf5 Re7 44. Kg4 Nd4 45. Rf8 Ra7
46. Rb8 Kf6 47. Rb6+ Ke7 48. Kg5 Ra8 49. Rb7+ Kd6 50. g4 Rf8 51. Kh6 Rf6+ 52.
Kg7 Rf4 53. g5 Nf3 54. g6 Nd2 55. Rf7 Nxc4 56. dxc4 Rxe4 57. Kh6 Ke6 58. c5 Rc4
59. Rf8 Rg4 60. g7 Kd5 61. g8=Q+ Rxg8 62. Rxg8 Kxc5 63. Kg5 Kd4 64. Rd8+ Ke4
65. Rd7 Kf3 66. Rf7+ Ke4 67. Re7 Kd4 68. Kf5 1-0

[Event "C.to Italiano Semifinale"]
[Site "Saint Vincent - Chatillon ITA"]
[Date "2008.07.22"]
[Round "3"]
[White "Pepino, Enrico"]
[Black "Ricci, Alfredo"]
[Result "1-0"]
[WhiteElo "2119"]
[BlackElo "2069"]
[PlyCount "75"]
[EventDate "2008.07.19"]

1. e4 c5 2. Nf3 e6 3. d4 cxd4 4. Nxd4 a6 5. g3 Qc7 6. Bg2 d6 7. O-O Nf6 8. Nc3
Be7 9. a4 Bd7 10. Be3 Nc6 11. Qe2 O-O 12. Rad1 Rac8 13. f4 Rfd8 14. h3 Nxd4 15.
Bxd4 e5 16. Be3 Be6 17. Qf2 Qc4 18. Rd2 Qb4 19. g4 Qxb2 20. Nd5 Bxd5 21. exd5
Rf8 22. g5 Nd7 23. f5 Bd8 24. Kh1 Bb6 25. Bxb6 Qxb6 26. Qh4 f6 27. Bf3 fxg5 28.
Qxg5 Qd8 29. Qg3 Qe7 30. Rg1 Kh8 31. Rdg2 Rg8 32. Bh5 Rc4 33. Kh2 Rh4 34. Bf7
Rxh3+ 35. Qxh3 Qxf7 36. c4 Nb6 37. Kh1 Nxa4 38. Qxh7+ 1-0

[Event "C.to Italiano Semifinale"]
[Site "Saint Vincent - Chatillon ITA"]
[Date "2008.07.22"]
[Round "3"]
[White "Rombaldoni, Axel"]
[Black "Bentivegna, Francesco"]
[Result "0-1"]
[WhiteElo "2374"]
[BlackElo "2329"]
[PlyCount "54"]
[EventDate "2008.07.19"]

1. e4 d5 2. exd5 Qxd5 3. Nc3 Qa5 4. d4 Nf6 5. Bc4 Bg4 6. Nf3 Nc6 7. h3 Bh5 8.
g4 Bg6 9. Bd2 O-O-O 10. g5 Nxd4 11. Nxd4 Rxd4 12. Nb5 Re4+ 13. Kf1 Qb6 14. Be3
Rxe3 15. fxe3 Ne4 16. Rh2 Qxe3 17. Qg4+ e6 18. Bd3 Bf5 19. Qg1 Qf3+ 20. Ke1
Bb4+ 21. c3 Qxd3 22. Nxa7+ Kb8 23. cxb4 Rd8 24. Rc1 Nd2 25. Qc5 Qg3+ 26. Rf2
Nf3+ 27. Ke2 Rd2+ 0-1

[Event "C.to Italiano Semifinale"]
[Site "Saint Vincent - Chatillon ITA"]
[Date "2008.07.22"]
[Round "3"]
[White "Rombaldoni, Denis"]
[Black "Sarno, Spartaco"]
[Result "1-0"]
[WhiteElo "2418"]
[BlackElo "2329"]
[PlyCount "153"]
[EventDate "2008.07.19"]

1. d4 d6 2. c4 e5 3. Nf3 e4 4. Ng1 f5 5. Nc3 c6 6. d5 Be7 7. g3 Nf6 8. Nh3 Na6
9. Bg2 O-O 10. O-O Nc7 11. f3 cxd5 12. cxd5 b5 13. a3 exf3 14. exf3 Bb7 15. Nf4
a5 16. Qb3 b4 17. axb4 axb4 18. Rxa8 Qxa8 19. Qxb4 Nfxd5 20. Qb3 Qa7+ 21. Kh1
Rb8 22. Ncxd5 Bxd5 23. Qc2 Bf7 24. Qxf5 Bf6 25. Re1 Qa4 26. h4 Qb5 27. Qxb5
Nxb5 28. Rd1 Nd4 29. Kh2 Nb3 30. Be3 Re8 31. Bg1 Bxb2 32. Rxd6 Be5 33. Rd7 Bxf4
34. gxf4 Be6 35. Ra7 Rf8 36. Kg3 Rf7 37. Ra6 Bc4 38. Rc6 Bd5 39. Rd6 Bc4 40.
Bh3 Rf6 41. Rd8+ Rf8 42. Rd7 Rf7 43. Rd1 Rf6 44. Be3 Be6 45. Rd8+ Kf7 46. f5
Bxf5 47. Bg5 Bxh3 48. Bxf6 Kxf6 49. Kxh3 Nc5 50. Rf8+ Ke7 51. Rh8 h6 52. Kg4
Nd7 53. Ra8 Ne5+ 54. Kg3 g6 55. Kf4 Nd7 56. h5 gxh5 57. Rh8 Nf8 58. Rxh6 Ne6+
59. Kf5 Nd4+ 60. Ke4 Ne2 61. Ke3 Ng3 62. Kf2 Nf5 63. Rxh5 Kf6 64. f4 Kg6 65.
Rg5+ Kf6 66. Kf3 Nd4+ 67. Ke4 Ne2 68. Rf5+ Ke6 69. Re5+ Kf6 70. Rc5 Ng3+ 71.
Kf3 Nf5 72. Rc6+ Kf7 73. Ke4 Ng3+ 74. Ke5 Nh5 75. Rc7+ Kf8 76. Rh7 Ng7 77. Rxg7
1-0

[Event "C.to Italiano Semifinale"]
[Site "Saint Vincent - Chatillon ITA"]
[Date "2008.07.22"]
[Round "3"]
[White "Rorato, Giovanni Riccardo"]
[Black "Ricci, Marco"]
[Result "1-0"]
[WhiteElo "2065"]
[BlackElo "2139"]
[PlyCount "97"]
[EventDate "2008.07.19"]

1. d4 Nf6 2. Nf3 g6 3. c4 Bg7 4. Nc3 d6 5. e4 O-O 6. Be2 e5 7. O-O Nc6 8. d5
Ne7 9. Nd2 a5 10. Rb1 Nd7 11. a3 f5 12. b4 Kh8 13. bxa5 Rxa5 14. Nb3 Ra8 15. a4
b6 16. Ra1 Nc5 17. Nxc5 bxc5 18. Bd2 fxe4 19. Nxe4 c6 20. dxc6 Bf5 21. Bf3 Bxe4
22. Bxe4 Qc7 23. Ra3 Nxc6 24. Rh3 Ne7 25. Bxa8 Rxa8 26. f4 Nf5 27. Bc3 exf4 28.
Bxg7+ Qxg7 29. Rxf4 Qe5 30. Rf2 Ne3 31. Qc1 Ng4 32. Rf7 Qd4+ 33. Kh1 Nf2+ 34.
Rxf2 Qxf2 35. Rf3 Qd4 36. Ra3 Re8 37. h3 Re2 38. Qa1 Qe5 39. Qxe5+ Rxe5 40. Kg1
Kg7 41. Kf2 Kf6 42. Re3 Rg5 43. a5 Kg7 44. g4 d5 45. a6 d4 46. Re7+ Kf6 47. a7
Kxe7 48. a8=Q Re5 49. Qh8 1-0

[Event "C.to Italiano Semifinale"]
[Site "Saint Vincent - Chatillon ITA"]
[Date "2008.07.22"]
[Round "3"]
[White "Roversi, Stefano"]
[Black "Cordara, Michele"]
[Result "1/2-1/2"]
[WhiteElo "1840"]
[BlackElo "2146"]
[PlyCount "38"]
[EventDate "2008.07.19"]

1. e4 c5 2. Nf3 d6 3. d4 cxd4 4. Nxd4 Nf6 5. Nc3 a6 6. f4 Qc7 7. Be2 e5 8. Nf3
Be6 9. O-O Nbd7 10. Kh1 Be7 11. Be3 b5 12. f5 Bc4 13. a4 b4 14. Bxc4 Qxc4 15.
Nd2 Qc6 16. Na2 Qxa4 17. Nc4 Qb5 18. Nxd6+ Bxd6 19. Qxd6 Nxe4 1/2-1/2

[Event "C.to Italiano Semifinale"]
[Site "Saint Vincent - Chatillon ITA"]
[Date "2008.07.22"]
[Round "3"]
[White "Tocco, Paolo"]
[Black "Astengo, Marcello"]
[Result "1/2-1/2"]
[WhiteElo "2174"]
[BlackElo "2075"]
[PlyCount "66"]
[EventDate "2008.07.19"]

1. d4 d5 2. e4 e6 3. Nd2 Nf6 4. e5 Ng8 5. Bd3 c5 6. c3 Nc6 7. Ne2 Bd7 8. O-O
Qb6 9. Nf3 cxd4 10. cxd4 Nb4 11. Bb1 Bb5 12. Re1 Qa6 13. Nc3 Bc4 14. Ng5 Nh6
15. Re3 Nf5 16. Bxf5 exf5 17. e6 f6 18. Nh3 Bd6 19. b3 Bd3 20. Nxd5 Nxd5 21.
Rxd3 O-O 22. Qf3 Rac8 23. Bd2 Rfe8 24. Qxf5 Rc2 25. Ng5 g6 26. Qxd5 fxg5 27.
Rf3 Rxd2 28. e7+ Kh8 29. Qf7 Qc6 30. Re1 Re2 31. Qf6+ Kg8 32. Qf7+ Kh8 33. Qf6+
Kg8 1/2-1/2

[Event "C.to Italiano Semifinale"]
[Site "Saint Vincent - Chatillon ITA"]
[Date "2008.07.22"]
[Round "4"]
[White "Bentivegna, Francesco"]
[Black "Sibilio, Mario"]
[Result "1/2-1/2"]
[WhiteElo "2329"]
[BlackElo "2361"]
[PlyCount "25"]
[EventDate "2008.07.19"]

1. e4 c5 2. c3 d5 3. exd5 Nf6 4. Bb5+ Nbd7 5. d4 Qa5 6. Be2 cxd4 7. Nf3 d3 8.
Bxd3 Qxd5 9. c4 Qc6 10. Nc3 b6 11. O-O Bb7 12. Re1 e6 13. Bf1 1/2-1/2

[Event "C.to Italiano Semifinale"]
[Site "Saint Vincent - Chatillon ITA"]
[Date "2008.07.22"]
[Round "4"]
[White "Borgiani, Flavio"]
[Black "Rombaldoni, Axel"]
[Result "0-1"]
[WhiteElo "2215"]
[BlackElo "2374"]
[PlyCount "78"]
[EventDate "2008.07.19"]

1. d4 d5 2. Nf3 e6 3. c4 c6 4. g3 dxc4 5. Bg2 b5 6. O-O Bb7 7. Qc2 Nd7 8. e4
Ngf6 9. Re1 Be7 10. b3 cxb3 11. axb3 c5 12. Nbd2 cxd4 13. Nxd4 Qb6 14. N2f3 O-O
15. e5 Nd5 16. Bg5 Bc5 17. Qd3 Nb4 18. Qd2 Rfc8 19. Rad1 Nf8 20. h4 Nd5 21. Nc2
Bxf2+ 22. Qxf2 Qxf2+ 23. Kxf2 Rxc2+ 24. Kg1 h6 25. Bc1 Ng6 26. h5 Nge7 27. g4
b4 28. g5 Nf5 29. gxh6 gxh6 30. Nd4 Rxc1 31. Bxd5 Rxd1 32. Rxd1 Bxd5 33. Nxf5
Bxb3 34. Rd3 exf5 35. Rxb3 a5 36. Kf2 a4 37. Rxb4 a3 38. Rb1 a2 39. Ra1 Ra3 0-1

[Event "C.to Italiano Semifinale"]
[Site "Saint Vincent - Chatillon ITA"]
[Date "2008.07.22"]
[Round "4"]
[White "Borgo, Giulio"]
[Black "Paglietti, Nicola"]
[Result "1-0"]
[WhiteElo "2442"]
[BlackElo "2273"]
[PlyCount "81"]
[EventDate "2008.07.19"]

1. Nf3 b6 2. g3 Bb7 3. Bg2 g6 4. O-O Bg7 5. d4 Nf6 6. c4 e6 7. Qc2 Be4 8. Qb3
Nc6 9. Nbd2 Na5 10. Qc3 d5 11. cxd5 Bxd5 12. Qc2 Qe7 13. a3 c5 14. b4 Nb7 15.
bxc5 bxc5 16. e4 Bc6 17. e5 Nd7 18. Ne4 h6 19. a4 O-O 20. Ba3 Rac8 21. Rab1
Rfd8 22. Rfe1 Rc7 23. Nfd2 Nb6 24. a5 Nxa5 25. Bxc5 Qd7 26. Bd6 Rcc8 27. Qa2
Bxe4 28. Nxe4 Qa4 29. Qxa4 Nxa4 30. Ra1 Rc4 31. Bf1 Rxd4 32. Bc7 Nb3 33. Rxa4
Rxa4 34. Bxd8 Bxe5 35. Nc5 Ra1 36. Rxe5 Nd2 37. Re2 Rxf1+ 38. Kg2 Rd1 39. Bf6
a5 40. Na4 g5 41. Nc3 1-0

[Event "C.to Italiano Semifinale"]
[Site "Saint Vincent - Chatillon ITA"]
[Date "2008.07.22"]
[Round "4"]
[White "Brancaleoni, Maurizio"]
[Black "Astengo, Marcello"]
[Result "1-0"]
[WhiteElo "2251"]
[BlackElo "2075"]
[PlyCount "73"]
[EventDate "2008.07.19"]

1. Nf3 d5 2. d4 c5 3. c4 e6 4. cxd5 exd5 5. g3 Nf6 6. Bg2 Nc6 7. O-O Be7 8. Nc3
O-O 9. dxc5 Bxc5 10. Bf4 Re8 11. Rc1 a6 12. Bg5 Be6 13. Bxf6 gxf6 14. e3 Ba7
15. Nd4 Nxd4 16. exd4 Kg7 17. Na4 Rc8 18. Nc5 Bxc5 19. dxc5 Qa5 20. Qd4 Qxa2
21. g4 Qa5 22. g5 Qd8 23. Rc3 Rg8 24. Rg3 Kf8 25. gxf6 Rg6 26. Rxg6 hxg6 27.
Re1 Kg8 28. h4 Qf8 29. b4 a5 30. h5 gxh5 31. Re3 axb4 32. Rg3+ Kh8 33. Qf4 Bg4
34. Bh3 Rxc5 35. Bxg4 hxg4 36. Rg2 g3 37. Rxg3 1-0

[Event "C.to Italiano Semifinale"]
[Site "Saint Vincent - Chatillon ITA"]
[Date "2008.07.22"]
[Round "4"]
[White "Bruno, Fabio"]
[Black "Dvirnyy, Danyyil"]
[Result "1/2-1/2"]
[WhiteElo "2453"]
[BlackElo "2358"]
[PlyCount "89"]
[EventDate "2008.07.19"]

1. Nf3 g6 2. c4 Bg7 3. d4 Nf6 4. g3 O-O 5. Bg2 c5 6. O-O Nc6 7. Nc3 d6 8. h3
Bf5 9. Be3 Qc8 10. g4 cxd4 11. Nxd4 Bd7 12. Rc1 Nxd4 13. Bxd4 Bc6 14. Nd5 Qd8
15. Nxf6+ Bxf6 16. Bxf6 exf6 17. Qd4 Qe7 18. e3 Rfc8 19. Rcd1 Bxg2 20. Kxg2 Rc6
21. Rd2 a6 22. a4 Qe6 23. b3 Re8 24. Rfd1 g5 25. Qd5 Qc8 26. Qf3 Re6 27. c5
Rxc5 28. Rxd6 Kg7 29. Rd7 b5 30. R1d6 Rce5 31. Rxe6 Rxe6 32. Qd5 Qe8 33. axb5
axb5 34. Rc7 Re5 35. Qf3 Qe6 36. Rc6 Qe7 37. Rb6 Qd8 38. Ra6 Qe7 39. Rb6 Qd8
40. Rc6 Qe7 41. b4 Re6 42. Rc5 Re4 43. Rxb5 Rxb4 44. Rf5 Rc4 45. Qd5 1/2-1/2

[Event "C.to Italiano Semifinale"]
[Site "Saint Vincent - Chatillon ITA"]
[Date "2008.07.22"]
[Round "4"]
[White "Cocchi, Andrea"]
[Black "Tocco, Paolo"]
[Result "0-1"]
[WhiteElo "2323"]
[BlackElo "2174"]
[PlyCount "62"]
[EventDate "2008.07.19"]

1. Nf3 f5 2. c4 Nf6 3. g3 g6 4. Bg2 Bg7 5. Nc3 O-O 6. O-O d6 7. d3 e5 8. Rb1
Nc6 9. b4 h6 10. b5 Ne7 11. c5 g5 12. Qb3+ Kh7 13. cxd6 cxd6 14. Ba3 f4 15. Qb4
Nf5 16. Nd2 d5 17. Qb3 Nd4 18. Qd1 Re8 19. e3 Bg4 20. f3 fxe3 21. fxg4 exd2 22.
Qxd2 Rc8 23. Kh1 Kh8 24. h3 e4 25. dxe4 Nxe4 26. Nxe4 dxe4 27. Bb2 e3 28. Qe1
b6 29. Rf7 Rc2 30. Qb4 Rxg2 31. Rxg7 Rxb2 0-1

[Event "C.to Italiano Semifinale"]
[Site "Saint Vincent - Chatillon ITA"]
[Date "2008.07.22"]
[Round "4"]
[White "Cordara, Michele"]
[Black "Lamagna, Mario"]
[Result "1-0"]
[WhiteElo "2146"]
[BlackElo "1888"]
[PlyCount "73"]
[EventDate "2008.07.19"]

1. c4 g6 2. g3 Bg7 3. Bg2 c5 4. Nf3 Nc6 5. Nc3 a6 6. O-O e6 7. e3 Nge7 8. d4
cxd4 9. exd4 d5 10. c5 Nf5 11. Be3 O-O 12. Na4 Nxe3 13. fxe3 Ne7 14. Nb6 Rb8
15. b4 Bd7 16. a4 Nc8 17. Nxd7 Qxd7 18. Qe2 Ne7 19. Rfd1 Nc6 20. b5 axb5 21.
axb5 Ne7 22. Ra7 Nc8 23. Ra3 Ne7 24. Bf1 Ra8 25. Rda1 Rxa3 26. Rxa3 Rb8 27. Qa2
Nf5 28. Ra8 Qc8 29. Rxb8 Qxb8 30. b6 Nxe3 31. Qa7 Qc8 32. Ba6 Bxd4 33. Nxd4
Qxc5 34. Qb8+ Kg7 35. Qe5+ Kf8 36. Qxe3 Qxb6 37. Be2 1-0

[Event "C.to Italiano Semifinale"]
[Site "Saint Vincent - Chatillon ITA"]
[Date "2008.07.22"]
[Round "4"]
[White "Genocchio, Daniele"]
[Black "Rombaldoni, Denis"]
[Result "1-0"]
[WhiteElo "2420"]
[BlackElo "2418"]
[PlyCount "127"]
[EventDate "2008.07.19"]

1. e4 c6 2. d4 d5 3. exd5 cxd5 4. c4 Nf6 5. Nc3 e6 6. Nf3 Bb4 7. cxd5 Nxd5 8.
Bd2 Nc6 9. Bd3 Be7 10. O-O O-O 11. Re1 Bf6 12. Ne4 Bxd4 13. Neg5 h6 14. Nxd4
Nxd4 15. Nh7 Re8 16. Bxh6 e5 17. Bg5 Qd6 18. Qh5 Bd7 19. Nf8 f5 20. Nxd7 Qxd7
21. Rad1 b5 22. Be3 Nf6 23. Qg5 Rad8 24. Bxd4 Qxd4 25. Bc2 Qg4 26. Qxf5 Qxf5
27. Bxf5 Kf7 28. h4 Rxd1 29. Rxd1 e4 30. Rd6 Re5 31. g4 g6 32. Bc8 Rc5 33. g5
Ne8 34. Rd7+ Ke6 35. Rc7+ Kd6 36. Rxc5 Kxc5 37. Kf1 b4 38. Bg4 Kd4 39. Ke2 Ke5
40. Ke3 Nc7 41. f4+ exf3 42. Kxf3 Nd5 43. Bd7 Ne7 44. Be8 Nf5 45. Kg4 Ne3+ 46.
Kg3 Kf5 47. Bb5 Ke4 48. Bc6+ Ke5 49. Be8 Kf5 50. Kf3 Nc4 51. Ba4 Nd2+ 52. Ke2
Ne4 53. Kf3 Nd2+ 54. Kg3 Ne4+ 55. Kh3 Kf4 56. Bc2 Nf2+ 57. Kg2 Ng4 58. Bxg6 Ne5
59. Bh5 Nc4 60. Be2 Ne3+ 61. Kh3 a5 62. Bd3 Ng4 63. g6 Nf6 64. g7 1-0

[Event "C.to Italiano Semifinale"]
[Site "Saint Vincent - Chatillon ITA"]
[Date "2008.07.22"]
[Round "4"]
[White "Landi, Andrea"]
[Black "Gallucci, Alessio"]
[Result "0-1"]
[WhiteElo "1837"]
[BlackElo "2152"]
[PlyCount "80"]
[EventDate "2008.07.19"]

1. d4 Nf6 2. Bg5 c5 3. d5 d6 4. c4 Nbd7 5. Nc3 h6 6. Bd2 g6 7. e4 Bg7 8. f4 a6
9. Nf3 O-O 10. Bd3 b5 11. cxb5 axb5 12. Bxb5 Qb6 13. Qe2 Ba6 14. Bxa6 Rxa6 15.
O-O Rfa8 16. Rab1 Ng4 17. h3 Bd4+ 18. Kh1 Ngf6 19. e5 Nh5 20. Kh2 dxe5 21. g4
Nxf4 22. Bxf4 exf4 23. Nxd4 cxd4 24. Qxe7 Nf6 25. d6 dxc3 26. Qxf6 Qxd6 27.
Qxc3 Rxa2 28. Kh1 g5 29. Kg1 Re8 30. Rfe1 Qb6+ 31. Kh1 Qb7+ 32. Kg1 Rc8 33. Qd4
Qf3 34. Qd7 Raa8 35. Re7 Qg3+ 36. Kh1 Qxh3+ 37. Kg1 f3 38. Qd2 Qxg4+ 39. Kh1
Qf5 40. Rbe1 f2 0-1

[Event "C.to Italiano Semifinale"]
[Site "Saint Vincent - Chatillon ITA"]
[Date "2008.07.22"]
[Round "4"]
[White "Locci, Damiano"]
[Black "Valenti, Giuseppe"]
[Result "1-0"]
[WhiteElo "2094"]
[BlackElo "2203"]
[PlyCount "99"]
[EventDate "2008.07.19"]

1. e4 c5 2. Nf3 e6 3. d3 d5 4. Qe2 Nf6 5. g3 Be7 6. Bg2 Nc6 7. O-O O-O 8. e5
Nd7 9. c4 Nb6 10. Na3 Nb4 11. Nc2 a5 12. Nxb4 axb4 13. h4 Bd7 14. h5 Ra5 15. h6
g6 16. cxd5 exd5 17. Nh2 Be6 18. f4 Qd7 19. g4 f5 20. exf6 Bxf6 21. Bd2 Raa8
22. Kh1 Rad8 23. Qf3 Bxb2 24. Rae1 Qf7 25. Qg3 Kh8 26. Nf3 Bc8 27. d4 Nc4 28.
Ne5 Nxe5 29. dxe5 Rg8 30. Qh4 Rgf8 31. Qg3 Bd4 32. f5 gxf5 33. Bg5 Qg6 34. Bf6+
Rxf6 35. exf6 Qxh6+ 36. Bh3 Rg8 37. f7 Rf8 38. g5 Qh5 39. Rf4 Qxf7 40. Qf3 Qg8
41. Qg2 Qf7 42. Rh4 Rg8 43. Rh6 Rg6 44. Rxg6 hxg6 45. Qh2 Bc3 46. Re2 Bg7 47.
Bg2+ Kg8 48. Qd6 Bf8 49. Qe5 Bg7 50. Qe8+ 1-0

[Event "C.to Italiano Semifinale"]
[Site "Saint Vincent - Chatillon ITA"]
[Date "2008.07.22"]
[Round "4"]
[White "Lombardi, Mariano"]
[Black "Barletta, Mauro"]
[Result "1/2-1/2"]
[WhiteElo "1928"]
[BlackElo "2205"]
[PlyCount "41"]
[EventDate "2008.07.19"]

1. Nf3 d5 2. d4 e6 3. g3 Nf6 4. Bg2 Be7 5. O-O O-O 6. c4 dxc4 7. Qc2 a6 8. a4
Bd7 9. Qxc4 Bc6 10. Nc3 Nd5 11. Nxd5 Qxd5 12. Qxd5 Bxd5 13. Bd2 Nc6 14. Bc3
Rfd8 15. e3 h6 16. Nd2 Bxg2 17. Kxg2 Rac8 18. a5 e5 19. dxe5 Nxe5 20. Bxe5 Rxd2
21. Bc3 1/2-1/2

[Event "C.to Italiano Semifinale"]
[Site "Saint Vincent - Chatillon ITA"]
[Date "2008.07.22"]
[Round "4"]
[White "Pepino, Enrico"]
[Black "Foglia, Maurizio"]
[Result "1/2-1/2"]
[WhiteElo "2119"]
[BlackElo "2135"]
[PlyCount "45"]
[EventDate "2008.07.19"]

1. e4 Nf6 2. e5 Nd5 3. d4 d6 4. Nf3 dxe5 5. dxe5 Bg4 6. Bc4 e6 7. O-O Be7 8.
Qe2 Nd7 9. Re1 c6 10. h3 Bh5 11. Bb3 Nc5 12. c4 Nxb3 13. axb3 Nb4 14. Rd1 Qc7
15. Bf4 O-O 16. Nc3 Na6 17. Ne4 Nc5 18. Qe3 Nxe4 19. Qxe4 Bg6 20. Qe3 c5 21.
Bg5 Bxg5 22. Nxg5 h6 23. Nf3 1/2-1/2

[Event "C.to Italiano Semifinale"]
[Site "Saint Vincent - Chatillon ITA"]
[Date "2008.07.22"]
[Round "4"]
[White "Piscopo, Pierluigi"]
[Black "Mogranzini, Roberto"]
[Result "1/2-1/2"]
[WhiteElo "2389"]
[BlackElo "2423"]
[PlyCount "28"]
[EventDate "2008.07.19"]

1. e4 c5 2. Nf3 e6 3. d4 cxd4 4. Nxd4 a6 5. Nc3 Qc7 6. Bd3 Bc5 7. Nb3 Be7 8. a4
Nc6 9. a5 Nf6 10. Be3 d5 11. exd5 exd5 12. Be2 O-O 13. O-O Bf5 14. Nd4 Bg6
1/2-1/2

[Event "C.to Italiano Semifinale"]
[Site "Saint Vincent - Chatillon ITA"]
[Date "2008.07.22"]
[Round "4"]
[White "Puzzoni, Christian"]
[Black "Finocchiaro, Gianluca"]
[Result "1-0"]
[WhiteElo "2128"]
[BlackElo "2021"]
[PlyCount "133"]
[EventDate "2008.07.19"]

1. d4 Nf6 2. Bg5 c5 3. Nc3 e6 4. Nf3 Be7 5. e4 d5 6. Bb5+ Nc6 7. Bxf6 Bxf6 8.
e5 Be7 9. O-O O-O 10. Ne2 Qb6 11. a4 a6 12. dxc5 Bxc5 13. Bd3 Be7 14. c3 Qc7
15. Qc2 h6 16. Rae1 Nxe5 17. Nxe5 Qxe5 18. Ng3 Qc7 19. f4 Bd6 20. Nh5 Bd7 21.
Kh1 Rac8 22. f5 exf5 23. Bxf5 d4 24. Bxd7 Qxd7 25. Rf6 Be7 26. Rf3 Rc5 27. Ng3
Bh4 28. Rd1 Bxg3 29. Rxg3 Qe6 30. Qf2 Rd8 31. cxd4 Rc4 32. Re3 Qd7 33. h3 Rdc8
34. Rde1 Rc2 35. Qf3 Rc1 36. b3 Qxd4 37. Qxb7 R8c3 38. Re8+ Kh7 39. Qxf7 Rxe1+
40. Rxe1 Qd3 41. b4 Rb3 42. Qe7 Rb1 43. Rxb1 Qxb1+ 44. Kh2 Qf5 45. Qc5 Qf4+ 46.
Kg1 Qf6 47. a5 Qa1+ 48. Kh2 Qf6 49. Kg3 Qg6+ 50. Kf2 Qf6+ 51. Ke3 Qe6+ 52. Kd4
Qf6+ 53. Kc4 Qf4+ 54. Kd5 Qf5+ 55. Kc6 Qe4+ 56. Kb6 Qd3 57. g4 Qxh3 58. Qf5+ g6
59. Qf7+ Kh8 60. Qxg6 Qe3+ 61. Kxa6 Qe2+ 62. b5 Qd2 63. b6 Qe2+ 64. Ka7 Qd2 65.
Qf6+ Kh7 66. Qf5+ Kh8 67. b7 1-0

[Event "C.to Italiano Semifinale"]
[Site "Saint Vincent - Chatillon ITA"]
[Date "2008.07.22"]
[Round "4"]
[White "Rettore, Ludwig"]
[Black "Rorato, Giovanni Riccardo"]
[Result "1-0"]
[WhiteElo "2230"]
[BlackElo "2065"]
[PlyCount "81"]
[EventDate "2008.07.19"]

1. d4 d5 2. c4 Bf5 3. cxd5 Bxb1 4. Qa4+ c6 5. Rxb1 Qxd5 6. e3 Nf6 7. Nf3 b5 8.
Qa5 e6 9. Bd3 Bd6 10. O-O O-O 11. Re1 Ne4 12. Bxe4 Qxe4 13. Bd2 Nd7 14. Rbc1
Rfc8 15. Bb4 Bxb4 16. Qxb4 a6 17. Qe7 Nf8 18. Qxf7+ Kxf7 19. Ng5+ Ke7 20. Nxe4
Nd7 21. Nc5 Nb6 22. Nd3 a5 23. Rc2 Kd6 24. Rec1 Nc4 25. b3 Na3 26. Rc5 b4 27.
Ne5 Ra6 28. g3 Rc7 29. Nc4+ Nxc4 30. R1xc4 Rb7 31. Kg2 Rbb6 32. Rc2 a4 33. bxa4
Rxa4 34. Rb2 Rba6 35. Rc4 Rxa2 36. Rxa2 Rxa2 37. Rxb4 Ra7 38. Rc4 Re7 39. f4 g5
40. fxg5 e5 41. Kf3 1-0

[Event "C.to Italiano Semifinale"]
[Site "Saint Vincent - Chatillon ITA"]
[Date "2008.07.22"]
[Round "4"]
[White "Ricci, Alfredo"]
[Black "Frugoli, Francesco"]
[Result "0-1"]
[WhiteElo "2069"]
[BlackElo "2163"]
[PlyCount "141"]
[EventDate "2008.07.19"]

1. e4 d5 2. exd5 Qxd5 3. Nc3 Qa5 4. Bc4 Nf6 5. Nge2 Bg4 6. h3 Bh5 7. d3 e6 8.
Bd2 c6 9. g4 Bg6 10. Ng3 Qb6 11. Qe2 Nbd7 12. O-O-O O-O-O 13. f4 Bd6 14. Nge4
Bxe4 15. dxe4 Bb4 16. g5 Ng8 17. a3 Bf8 18. h4 g6 19. h5 Bg7 20. e5 Ne7 21. Ne4
Nf5 22. Qe1 Qd4 23. Bd3 Nb6 24. Bc3 Qe3+ 25. Qxe3 Nxe3 26. Rd2 Nf5 27. Bb4 Nd5
28. Nd6+ Nxd6 29. Bxd6 gxh5 30. Rf2 h6 31. g6 fxg6 32. Bxg6 Bf8 33. c4 Bxd6 34.
exd6 Nf6 35. c5 Kd7 36. f5 e5 37. Re2 e4 38. Bf7 Rde8 39. Bxe8+ Rxe8 40. Rg2 e3
41. Rg7+ Kd8 42. Rg6 Ng4 43. f6 Ne5 44. f7 Nxf7 45. Kd1 Ne5 46. Rxh6 e2+ 47.
Kxe2 Ng4+ 48. Kd3 Nxh6 49. Rxh5 Nf7 50. Rh7 Rf8 51. b4 Kd7 52. Kc4 b5+ 53. Kb3
Ke6 54. Rg7 a6 55. Rg6+ Kf5 56. Rg1 Rh8 57. Rf1+ Ke6 58. Re1+ Ne5 59. Re3 Rf8
60. Kc3 Rf3 61. Rxf3 Nxf3 62. Kd3 Ne5+ 63. Kd4 Nc4 64. a4 Ne5 65. axb5 axb5 66.
Ke4 Nd7 67. Kd4 Nf6 68. Kc3 Kd5 69. Kd3 Nd7 70. Kc3 Ke4 71. Kc2 0-1

[Event "C.to Italiano Semifinale"]
[Site "Saint Vincent - Chatillon ITA"]
[Date "2008.07.22"]
[Round "4"]
[White "Ricci, Marco"]
[Black "Roversi, Stefano"]
[Result "1-0"]
[WhiteElo "2139"]
[BlackElo "1840"]
[PlyCount "39"]
[EventDate "2008.07.19"]

1. e4 c5 2. Nf3 Nc6 3. d4 cxd4 4. Nxd4 a6 5. Be3 e6 6. Bd3 Nge7 7. Nc3 Nxd4 8.
Bxd4 Nc6 9. Be3 b5 10. O-O Bb7 11. f4 Rc8 12. e5 Na5 13. Ne4 Nc4 14. Bd4 Qc7
15. Qe2 Be7 16. Qf2 O-O 17. Nf6+ gxf6 18. exf6 Ne5 19. fxe5 Kh8 20. Qh4 1-0

[Event "C.to Italiano Semifinale"]
[Site "Saint Vincent - Chatillon ITA"]
[Date "2008.07.22"]
[Round "4"]
[White "Sarno, Spartaco"]
[Black "Martorelli, Antonio"]
[Result "1/2-1/2"]
[WhiteElo "2329"]
[BlackElo "2240"]
[PlyCount "108"]
[EventDate "2008.07.19"]

1. d4 Nf6 2. c4 g6 3. Nc3 Bg7 4. e4 d6 5. Nf3 O-O 6. Be2 Na6 7. O-O e5 8. Re1
c6 9. Bf1 Bg4 10. Be3 Nd7 11. d5 c5 12. Be2 Nf6 13. a3 Kh8 14. Nd2 Bd7 15. Rb1
Rg8 16. Nb5 Qf8 17. b4 Ne8 18. Nb3 Bh6 19. Qd2 Bxe3 20. Qxe3 b6 21. bxc5 Nxc5
22. Nxc5 bxc5 23. Nc3 f5 24. exf5 gxf5 25. f4 Qh6 26. Bd1 exf4 27. Qf2 Nf6 28.
Rf1 Qg5 29. Rb2 Rae8 30. Qxf4 Re3 31. Qxg5 Rxg5 32. Rb8+ Rg8 33. Rxg8+ Kxg8 34.
Rf3 Ng4 35. Rxe3 Nxe3 36. Bb3 Kf7 37. h3 Kf6 38. Kf2 f4 39. Ne2 Ke5 40. g3 Ke4
41. Nxf4 a5 42. Ke2 a4 43. Ba2 Kd4 44. Ne6+ Kc3 45. Kxe3 Kb2 46. Kd2 Kxa2 47.
Kc3 Kxa3 48. g4 Ka2 49. Ng5 h6 50. Ne4 Kb1 51. Nd2+ Kc1 52. Ne4 Kb1 53. Nd2+
Ka2 54. Ne4 Kb1 1/2-1/2